000 00754ntaaa2200229 4500
003 01
005 20251027201044.0
008 0714s1973 ag 01
040 _aAR-BaBN
_bspa
_cAR-BaBN
_eaacr
_dRIC
082 _a184 P69
100 _aPlato, 428 (?)-347 a. de J. C.
_97909
245 _aApology of Socrates and Crito. /
_c428 (?)-347 a. de J. C. Plato, Louis Dyer
250 _a1 ed.
260 _aBoston :
_bGinn Co.,
_cc1885
300 _a246 p.
500 _a"Apología de Sócrates y Critón por Platón." (With extracts from the Phaedo and symposium and from Xenophon's memorabilia.)
650 _aPlatón, 428 (?)-347 a. de J.C.
_97910
650 _aSócrates
_97911
650 _aCritón
_97912
700 _aDyer, Louis
_97913
942 _cBK
999 _c4707
_d4707